Sobredosis

Guardat en:
Dades bibliogràfiques
Autor principal: Fuguet, Alberto (Autor)
Format: Llibre
Idioma:espanyol
Publicat: Santiago Planeta 1994
Edició:7a. ed
Col·lecció:Biblioteca del Sur
Matèries:
Etiquetes: Afegir etiqueta
Sense etiquetes, Sigues el primer a etiquetar aquest registre!

MARC

LEADER 00000nam a2200000 a 4500
001 UCM8871
003 CL-VaPUC
008 030404e19940000CL |||||||||||||||||spa|d
082 0 4 |a Ch863  |b FUG  |2 21 
100 0 |a Fuguet, Alberto  |e author  |9 475144 
245 1 0 |a Sobredosis 
250 |a 7a. ed 
300 |a 143 p 
942 |c BK 
945 |d 20030404 00:00:00  |a cmena 
260 |a Santiago  |b Planeta  |c 1994 
650 0 |a Cuentos chilenos   |9 308280 
650 0 |a Literatura chilena   |9 308278 
583 |a last modification  |c 20030404 00:00:00  |k Rodrigo Vera 
490 0 |a Biblioteca del Sur 
999 |c 303289  |d 303287